Top 5 Songs On Recovery (Eminem) - Statistics

General Stats
  • This quiz has been taken 31 times
  • The average score is 4 of 5
Answer Stats
Hint Answer % Correct
1,136,626,634 Love The Way You Lie
100%
802,045,069 Not Afraid
92%
276,002,017 No Love
80%
263,748,040 Space Bound
68%
264,671,401 Cinderella Man
60%
No matching quizzes found
Score Distribution
Percent of People with Each Score
Percentile by Number Answered
Your Score History
You have not taken this quiz